| 000 | 00902nam a2200229 u 4500 | ||
|---|---|---|---|
| 001 | 000651180 | ||
| 003 | AM-YeHGA | ||
| 005 | 20250617141213.0 | ||
| 008 | 090416s1987 ||| r 000 0 rus d | ||
| 040 | _aAM-YeHGA | ||
| 041 | 0 | _arus | |
| 100 | 1 | _aСахаров, Андрей Николаевич | |
| 245 | 1 | 0 |
_aСтепан Разин / _cАндрей Сахаров. |
| 250 | _a2-е изд., доп. | ||
| 260 |
_aМосква : _bМол. гвардия, _c1987. |
||
| 300 |
_a303 с. : _b[16] л. ил. |
||
| 440 | 0 |
_aЖизнь замечат. людей _aЖЗЛ: Сер. биогр.: Осн. в 1933 г. М. Горьким _v4(515) |
|
| 504 | _aБиблиогр.: с. 302 | ||
| 600 | 1 | 4 | _aРазин, Степан Тимофеевич |
| 653 | 0 | _aКрестянская война под руководством Степана Разина 1667-1671 гг. (х.л.) | |
| 090 | _c235632 | ||
| 999 |
_c234071 _d234071 |
||